O udržiavaní neudržateľného

Recenzia knihy The politics of unsustainability. Eco-Politics in the post-ecologist era.

Guardado en:
Detalles Bibliográficos
Autor principal: Profant, Tomáš Imrich, 1983-
Formato: Capítulo de libro
Lenguaje:eslovaco
Etiquetas: Agregar Etiqueta
Sin Etiquetas, Sea el primero en etiquetar este registro!

MARC

LEADER 00000naa a2200000 4500
001 0291564
005 20240502074458.7
041 0 |a slo 
044 |a SK 
245 1 0 |a O udržiavaní neudržateľného  |c Tomáš Imrich Profant 
520 |a Recenzia knihy The politics of unsustainability. Eco-Politics in the post-ecologist era. 
100 1 |a Profant, Tomáš Imrich, 1983-